| 000 | 00000nam##2200000za#4500 |
| 001 | 9.579153 |
| 003 | CaOODSP |
| 005 | 20210624190429 |
| 007 | cr ||||||||||| |
| 008 | 150406|1997||||xxc|||||o f|0| 0 eng|d |
| 022 | |a1488-5379 |
| 040 | |aCaOODSP|beng |
| 043 | |an-cn--- |
| 086 | 1 |aFs97-6/2193E-PDF |
| 110 | 1 |aCanada. |bDepartment of Fisheries and Oceans. |
| 245 | 14|aThe proceedings of the Broad Whitefish Workshop - The biology, traditional knowledge and scientific management of broad whitefish (Coregonus nasus (Pallas)) in the Lower Mackenzie River / |h[electronic resource]|cby Ross F. Tallman and James D. Reist (Editors). |
| 260 | |aWinnipeg - Manitoba : |bFisheries and Oceans Canada |c1997. |
| 300 | |a226p.|bfigs., tables |
| 490 | 1 |aCanadian technical report of fisheries and aquatic sciences|x1488-5379|vNo. 2193 |
| 500 | |aOn t.p.: Central and Arctic Region, Winnipeg, Manitoba. The catalogue number and ISSN for the print edition appear in the PDF version. |
| 546 | |a(Résumé en français) |
| 590 | |a14-06-Supp|b2014-03-21 |
| 720 | 1 |aTallman, Ross F. |
| 720 | 1 |aReist, J. D. |
| 830 | #0|aCanadian technical report of fisheries and aquatic sciences,|x1488-5379|vNo. 2193|w(CaOODSP)9.504449 |
| 856 | 40|ahttp://publications.gc.ca|qPDF|s6953 KB|uhttps://publications.gc.ca/collections/collection_2014/mpo-dfo/Fs97-6-2193-eng.pdf|yNo. 2193 |